| 000 | 00711cam a2200193 a 4500 | ||
|---|---|---|---|
| 020 | _a0387174451 (U.S.) : | ||
| 020 | _a0948507446 : | ||
| 020 | _a3540174451 (W. Germany) | ||
| 082 |
_a670.28563 _bART |
||
| 245 | 0 | 0 |
_aArtificial intelligence : _bimplications for CIM / _cedited by A. Kusiak. |
| 260 |
_aBedford [Bedfordshire] : _bIFS (Publications) ; _aBerlin ; _aNew York : _bSpringer-Verlag, _cc1988. |
||
| 300 |
_a527 p. : _bill. ; _c24 cm. |
||
| 490 | 1 | _aArtificial intelligence in industry | |
| 526 |
_a0 _b0 _c0 _d670_285630000000000_ART |
||
| 650 | 0 |
_aArtificial intelligence. _918060 |
|
| 650 | 0 |
_aComputer integrated manufacturing systems. _918505 |
|
| 700 | 1 |
_aKusiak, Andrew. _947550 |
|
| 942 |
_2ddc _cBK |
||
| 999 |
_c550762 _d550762 |
||